| 000 | 003920000a22001690004500 | ||
|---|---|---|---|
| 003 | MACL | ||
| 005 | 20160130142401.0 | ||
| 008 | 160130b xxu||||| |||| 00| 0 eng d | ||
| 040 |
_aMACL _cMACL |
||
| 041 | _aEnglish | ||
| 082 | _a823/RAN | ||
| 100 |
_aRand, Any _935338 |
||
| 245 | _aAnthem | ||
| 260 |
_bA signet classic _aNew York |
||
| 650 |
_aFiction _936117 |
||
| 942 |
_cBK _k823/Ran _2ddc |
||
| 999 |
_c31862 _d31862 |
||